| 000 | 00359nam a2200157 4500 | ||
|---|---|---|---|
| 005 | 20260525122516.0 | ||
| 008 | 260427b |||||||| |||| 00| 0 eng d | ||
| 020 | _a9780547249643 | ||
| 082 |
_a823.912 _bORW-1 |
||
| 100 | _aOrwell George | ||
| 245 | _a1984 | ||
| 260 |
_aLondon _bArcturus Publishing |
||
| 300 | _a317p | ||
| 650 | _aEnglish | ||
| 942 | _cBK | ||
| 999 |
_c47401 _d47401 |
||